000 01000nam a22002057a 4500
003 OSt
005 20160620110341.0
008 150409b xxu||||| |||| 00| 0 eng d
040 _cBMC
082 _a004.65
100 1 _936110
_aPérez Castillo, Mariela Candelaria
245 1 0 _aPasantía de asistente analista programador en el desarrollo de tecnología de aplicaciones móviles en la empresa softtrading S.A. de C.V.
_b: Informe final
_cMaría Candelaria Perez Castillo
260 _aSanta Ana (El Salvador)
_bUniversidad Católica de Occidente
_c2007
300 _a1 v. (pág. var.)
_c28 cm
_e+ 1 disco compacto
500 _aPrecede al tít.: Universidad Católica de Occidente, Facultad de Ciencias Económicas
502 _aTrabajo de graduación para optar al grado académico de Licenciatura en Sistemas Informáticos Administrativos
650 2 4 _91815
_aRedes de computación
710 2 _91067
_aUniversidad Católica de El Salvador
_bFacultad de Ciencias Empresariales
942 _2ddc
_cTG
999 _c22336
_d22336